[Event "Tambov Korensky Memorial 28th"]
[Site "Tambov"]
[Date "2019.08.26"]
[Round "3"]
[White "Skomorokhov, Kirill"]
[Black "Kutyanina, Mariya"]
[Result "1/2-1/2"]
[WhiteElo "2001"]
[BlackElo "1980"]
[PlyCount "68"]
[EventDate "2019.08.24"]
[EventType "swiss"]
[EventRounds "9"]
[EventCountry "RUS"]
[SourceTitle "EXT 2020"]
[Source "ChessBase"]
[SourceDate "2019.10.17"]
[SourceVersion "1"]
[SourceVersionDate "2019.10.17"]
[SourceQuality "1"]

1. d4 Nf6 2. Bf4 e6 3. e3 d5 4. c3 Bd6 5. Bg3 c5 6. Nd2 Qc7 7. Ngf3 Nbd7 8. Bb5 0-0 9. Bxd7 Bxd7 10. Bxd6 Qxd6 11. Ne5 Bc6 12. h4 Nd7 13. Nxd7 Bxd7 14. Qh5 f6 15. Nf3 cxd4 16. exd4 Qf4 17. Nd2 e5 18. Qf3 Qxf3 19. Nxf3 e4 20. Nd2 Rac8 21. Nb3 b6 22. Kd2 f5 23. f4 a5 24. Rac1 Rf6 25. g3 Rg6 26. Rhg1 Bb5 27. Rce1 Rcc6 28. Na1 Bd3 29. Nb3 Rg4 30. Nc1 Bb5 31. Ke3 a4 32. a3 Bc4 33. Kf2 h6 34. Rh1 h5 1/2-1/2

[Event "Tambov Region-ch FL"]
[Site "Tambov"]
[Date "2018.11.23"]
[Round "5"]
[White "Skomorokhov, Kirill"]
[Black "Voynov, Aleksey S"]
[Result "1-0"]
[WhiteElo "1919"]
[BlackElo "1716"]
[PlyCount "79"]
[EventDate "2018.11.14"]
[EventType "tourn"]
[EventRounds "9"]
[EventCountry "RUS"]
[SourceTitle "EXT 2021"]
[Source "ChessBase"]
[SourceDate "2020.10.23"]
[SourceVersion "1"]
[SourceVersionDate "2020.10.23"]
[SourceQuality "1"]

1. d4 e6 2. Nf3 d5 3. c4 b6 4. g3 Bb7 5. Bg2 dxc4 6. 0-0 Nd7 7. Qa4 Ngf6 8. Bg5 Be7 9. Ne5 Bxg2 10. Kxg2 0-0 11. Nc6 Qe8 12. Nc3 a6 13. Qxc4 b5 14. Nxe7+ Qxe7 15. Qxc7 Qd8 16. Qxd8 Rfxd8 17. e3 h6 18. Bxf6 Nxf6 19. Rfc1 Rac8 20. Kf3 Kf8 21. Ne4 Nxe4 22. Kxe4 Ke7 23. Rc3 Rxc3 24. bxc3 Rc8 25. Kd3 Kd6 26. a4 bxa4 27. Rxa4 Ra8 28. c4 Kc6 29. c5 Kb5 30. Ra1 a5 31. Rb1+ Ka6 32. Kc4 Re8 33. Rb6+ Ka7 34. Kb5 e5 35. d5 a4 36. c6 a3 37. Ra6+ Kb8 38. Rxa3 Kc7 39. Ra7+ Kd6 40. Rd7# 1-0

[Event "Tambov Korensky Memorial 25th"]
[Site "Tambov"]
[Date "2016.08.25"]
[Round "6"]
[White "Kutyanina, Mariya"]
[Black "Skomorokhov, Kirill"]
[Result "1-0"]
[WhiteElo "1893"]
[BlackElo "1895"]
[PlyCount "83"]
[EventDate "2016.08.20"]
[EventType "swiss"]
[EventRounds "9"]
[EventCountry "RUS"]
[SourceTitle "CBM 174 Extra"]
[Source "ChessBase"]
[SourceDate "2016.10.10"]
[SourceVersion "1"]
[SourceVersionDate "2016.10.10"]
[SourceQuality "1"]

1. e4 e5 2. Nf3 Nf6 3. Nxe5 d6 4. Nf3 Nxe4 5. Nc3 Nxc3 6. dxc3 Be7 7. Be2 Nc6 8. 0-0 0-0 9. Bf4 Bf5 10. Bd3 Bg4 11. Be2 Bf6 12. h3 Bh5 13. Re1 Re8 14. Qd2 Bg6 15. Nd4 Ne5 16. Rad1 a6 17. Qc1 Rb8 18. c4 c5 19. Nf3 Qc7 20. c3 b5 21. cxb5 axb5 22. Nxe5 Bxe5 23. Bxe5 dxe5 24. Qe3 f6 25. Qg3 Bf7 26. a3 b4 27. cxb4 cxb4 28. a4 Ra8 29. Bb5 Red8 30. Rc1 Qb6 31. Rc6 Qd4 32. Rxf6 Bg6 33. Rc6 Qxb2 34. Bc4+ Kh8 35. Rxg6 Qd2 36. Rxe5 hxg6 37. Qxg6 Qc1+ 38. Bf1 Qf4 39. Rh5+ Kg8 40. Qh7+ Kf7 41. Rf5+ Qxf5 42. Qxf5+ 1-0

[Event "Tambov Korensky Memorial 25th"]
[Site "Tambov"]
[Date "2016.08.20"]
[Round "1"]
[White "Skomorokhov, Kirill"]
[Black "Chernyshov, Alexander"]
[Result "1-0"]
[WhiteElo "1895"]
[BlackElo "2090"]
[PlyCount "70"]
[EventDate "2016.08.20"]
[EventType "swiss"]
[EventRounds "9"]
[EventCountry "RUS"]
[SourceTitle "CBM 174 Extra"]
[Source "ChessBase"]
[SourceDate "2016.10.10"]
[SourceVersion "1"]
[SourceVersionDate "2016.10.10"]
[SourceQuality "1"]

1. e4 a6 2. Nf3 c5 3. c3 g6 4. d4 cxd4 5. cxd4 d5 6. e5 Bf5 7. Be2 Bg7 8. Nc3 e6 9. Qb3 Ra7 10. Be3 Ne7 11. 0-0 0-0 12. h3 Nec6 13. g4 Be4 14. Ng5 h6 15. Ngxe4 dxe4 16. d5 Na5 17. Qb6 Ra8 18. Qxd8 Rxd8 19. Bb6 Nd7 20. Bxd8 Rxd8 21. b4 Bxe5 22. Rac1 Rc8 23. Na4 Rxc1 24. Rxc1 b5 25. dxe6 fxe6 26. Nc5 Bf4 27. Nxd7 Bxc1 28. bxa5 Bd2 29. Nf6+ Kf7 30. Nxe4 Bxa5 31. Nc5 Ke7 32. Nxa6 b4 33. Nc5 Bb6 34. Nd3 Ba5 35. Ne5 Kd6 1-0

[Event "Tambov Korensky Memorial 23rd"]
[Site "Tambov"]
[Date "2014.08.29"]
[Round "7"]
[White "Zinovjev, Yury V"]
[Black "Skomorokhov, Kirill"]
[Result "1/2-1/2"]
[WhiteElo "2129"]
[BlackElo "1844"]
[PlyCount "40"]
[EventDate "2014.08.23"]
[EventType "swiss"]
[EventRounds "9"]
[EventCountry "RUS"]
[SourceTitle "EXT 2015"]
[Source "ChessBase"]
[SourceDate "2014.11.20"]
[SourceVersion "1"]
[SourceVersionDate "2014.11.20"]
[SourceQuality "1"]

1. e4 c5 2. Nf3 d6 3. Bb5+ Bd7 4. Bxd7+ Qxd7 5. 0-0 Nf6 6. e5 dxe5 7. Nxe5 Qd6 8. f4 Nc6 9. Qf3 Nxe5 10. fxe5 Qxe5 11. Qxb7 Qd5 12. Qb5+ Qd7 13. Qxc5 Rc8 14. Qf2 e6 15. c3 Bc5 16. d4 Ng4 17. Qf3 Bxd4+ 18. Kh1 Nf2+ 19. Kg1 Nh3+ 20. Kh1 Nf2+ 1/2-1/2

[Event "Tambov Korensky Memorial 23rd"]
[Site "Tambov"]
[Date "2014.08.24"]
[Round "2"]
[White "Skomorokhov, Kirill"]
[Black "Dikov, Alexander I"]
[Result "1-0"]
[WhiteElo "1844"]
[BlackElo "2021"]
[PlyCount "107"]
[EventDate "2014.08.23"]
[EventType "swiss"]
[EventRounds "9"]
[EventCountry "RUS"]
[SourceTitle "EXT 2015"]
[Source "ChessBase"]
[SourceDate "2014.11.20"]
[SourceVersion "1"]
[SourceVersionDate "2014.11.20"]
[SourceQuality "1"]

1. c4 e6 2. Nc3 d5 3. g3 c6 4. cxd5 exd5 5. d4 Nf6 6. Bg2 Bf5 7. Nf3 h6 8. a3 a5 9. Qb3 b5 10. Ne5 a4 11. Qd1 Be7 12. 0-0 0-0 13. Bd2 Qb6 14. e3 Nbd7 15. Nxd7 Nxd7 16. Be1 Nf6 17. Na2 Rad8 18. Bb4 Rfe8 19. Rc1 Ne4 20. Bxe7 Rxe7 21. Nb4 Rc7 22. Bxe4 Bxe4 23. Rc5 Rd6 24. Qd2 Qb7 25. f3 Bg6 26. Rfc1 Qc8 27. Qc3 Qe6 28. Kg2 Bh5 29. Nxc6 Bxf3+ 30. Kxf3 Qe4+ 31. Ke2 Qg2+ 32. Kd3 Qe4+ 33. Kd2 Rf6 34. Re1 Rf2+ 35. Re2 Rf1 36. Qc2 Qe8 37. Ne5 Rxc5 38. Qxc5 Rb1 39. Qc2 Rf1 40. Qc6 Qb8 41. Qc5 g6 42. Nd3 Qe8 43. Qxd5 Rf5 44. Ne5 Kg7 45. g4 Rf1 46. Qc6 Qb8 47. Nd3 Rf6 48. Qc3 Rb6 49. Rf2 Kg8 50. Ne5 Qb7 51. Nxf7 b4 52. axb4 Rxb4 53. Nxh6+ Kh7 54. Rf7+ 1-0

[Event "Tambov Region-ch"]
[Site "Tambov"]
[Date "2013.10.27"]
[Round "9"]
[White "Skomorokhov, Kirill"]
[Black "Lomakina, Galja"]
[Result "0-1"]
[WhiteElo "1869"]
[BlackElo "2099"]
[PlyCount "88"]
[EventDate "2013.10.23"]
[EventType "tourn"]
[EventRounds "9"]
[EventCountry "RUS"]
[SourceTitle "EXT 2014"]
[Source "ChessBase"]
[SourceDate "2013.11.20"]
[SourceVersion "1"]
[SourceVersionDate "2013.11.20"]
[SourceQuality "1"]

1. e4 g6 2. d4 Bg7 3. Nc3 d6 4. g3 Nc6 5. Nge2 Bg4 6. Be3 Bf3 7. Rg1 Nf6 8. Bg2 Bxg2 9. Rxg2 0-0 10. f3 Re8 11. Qd2 Na5 12. b3 c6 13. Bh6 Bh8 14. h4 b5 15. Rd1 Nd7 16. h5 a6 17. hxg6 hxg6 18. Kf2 e5 19. d5 b4 20. Na4 cxd5 21. Qxd5 Nc5 22. Nb2 Qb6 23. Be3 Rad8 24. Rh1 Bg7 25. Rgh2 Nc6 26. Nc4 Qc7 27. Bh6 Ne7 28. Qd2 d5 29. Bxg7 Kxg7 30. Qg5 Ng8 31. Rh8 Nxe4+ 32. fxe4 dxc4 33. R1h7+ Kf8 34. Rxg8+ Kxg8 35. Qh6 Qb6+ 36. Kg2 Qf6 37. g4 Rd2 38. Qxd2 Kxh7 39. Qxb4 cxb3 40. axb3 Rd8 41. Ng3 Qf4 42. Qe7 Rd2+ 43. Kh1 Qf3+ 44. Kg1 Qg2# 0-1

[Event "Tambov Region-ch"]
[Site "Tambov"]
[Date "2013.10.23"]
[Round "1"]
[White "Kozharinov, Sergey"]
[Black "Skomorokhov, Kirill"]
[Result "0-1"]
[WhiteElo "2027"]
[BlackElo "1869"]
[PlyCount "40"]
[EventDate "2013.10.23"]
[EventType "tourn"]
[EventRounds "9"]
[EventCountry "RUS"]
[SourceTitle "EXT 2014"]
[Source "ChessBase"]
[SourceDate "2013.11.20"]
[SourceVersion "1"]
[SourceVersionDate "2013.11.20"]
[SourceQuality "1"]

1. Nf3 e6 2. g3 f5 3. Bg2 Nf6 4. 0-0 d5 5. d4 Bd6 6. Nbd2 0-0 7. c4 c6 8. cxd5 exd5 9. Qc2 Ne4 10. Nb3 Qe8 11. Ng5 Qh5 12. Bf3 Qg6 13. Nxe4 fxe4 14. Bg2 Nd7 15. Qd2 h6 16. Qe3 Nf6 17. h3 Qh5 18. Nd2 Bxh3 19. f3 Bxg3 20. fxe4 Bxg2 0-1

[Event "Tambov Korensky Memorial 22nd"]
[Site "Tambov"]
[Date "2013.08.20"]
[Round "4"]
[White "Skomorokhov, Kirill"]
[Black "Dikov, Alexander I"]
[Result "0-1"]
[WhiteElo "1837"]
[BlackElo "1995"]
[PlyCount "102"]
[EventDate "2013.08.17"]
[EventType "swiss"]
[EventRounds "9"]
[EventCountry "RUS"]
[SourceTitle "CBM 156 Extra"]
[Source "ChessBase"]
[SourceDate "2013.10.22"]
[SourceVersion "1"]
[SourceVersionDate "2013.10.22"]
[SourceQuality "1"]

1. e4 c5 2. Nf3 d6 3. d4 cxd4 4. Nxd4 Nf6 5. Nc3 e5 6. Nb3 h6 7. Be2 a6 8. a4 Be6 9. 0-0 Be7 10. f4 Qc7 11. a5 Bc4 12. Ra4 Bxe2 13. Qxe2 0-0 14. Nd5 Nxd5 15. exd5 Nd7 16. Rc4 Qd8 17. fxe5 Nxe5 18. Re4 Bg5 19. Bxg5 hxg5 20. Nd4 Qxa5 21. Nf5 Rae8 22. Qh5 Qd8 23. h4 g4 24. Rff4 g3 25. Nxg3 Qb6+ 26. Kh2 Qxb2 27. Nf5 Ng6 28. Rxe8 Rxe8 29. Nxd6 Re5 30. Rf5 Qd4 31. Rxe5 Nxe5 32. c4 Qf4+ 33. Kh3 Qe3+ 34. Kh2 Qf4+ 35. Kh3 Ng6 36. Nf5 Qxc4 37. Qf3 Nf4+ 38. Kh2 Ng6 39. h5 Qf4+ 40. Qg3 Qxf5 41. hxg6 Qh5+ 42. Kg1 Qd1+ 43. Kh2 Qh5+ 44. Kg1 fxg6 45. Qb8+ Kh7 46. d6 Qd1+ 47. Kf2 b5 48. Qd8 Qd2+ 49. Kg3 g5 50. Qe7 Qf4+ 51. Kh3 Qh4# 0-1

[Event "Tambov Korensky Memorial 21st"]
[Site "Tambov"]
[Date "2012.08.22"]
[Round "5"]
[White "Skomorokhov, Kirill"]
[Black "Lomakina, Galja"]
[Result "1-0"]
[WhiteElo "1792"]
[BlackElo "2063"]
[PlyCount "115"]
[EventDate "2012.08.18"]
[EventType "swiss"]
[EventRounds "9"]
[EventCountry "RUS"]
[SourceTitle "CBM 150 Extra"]
[Source "ChessBase"]
[SourceDate "2012.10.19"]
[SourceVersion "1"]
[SourceVersionDate "2012.10.19"]
[SourceQuality "1"]

1. d4 g6 2. Nf3 Bg7 3. Bf4 Nf6 4. Nbd2 0-0 5. c3 d6 6. e3 Nbd7 7. Be2 Qe8 8. 0-0 e5 9. Bg3 e4 10. Ne1 Qe7 11. b4 Re8 12. Rb1 Nf8 13. c4 h5 14. Bh4 N8h7 15. Bxf6 Nxf6 16. Nc2 Bf5 17. Rb3 Nh7 18. f4 exf3 19. Bxf3 Rab8 20. e4 Bd7 21. Re1 Qh4 22. c5 Ba4 23. Nc4 Bxb3 24. axb3 d5 25. g3 Qf6 26. exd5 Rxe1+ 27. Nxe1 Qxd4+ 28. Qxd4 Bxd4+ 29. Kf1 b6 30. c6 Rd8 31. d6 Ng5 32. dxc7 Rc8 33. Nd6 Rxc7 34. Nb5 Ne6 35. Nxc7 Nxc7 36. Nc2 Bc3 37. Ke2 Kf8 38. Kd3 Be5 39. Ne3 Ke7 40. Nd5+ Nxd5 41. Bxd5 h4 42. gxh4 Bxh2 43. Kc4 f6 44. Bf3 Kd6 45. b5 f5 46. Kd4 Be5+ 47. Ke3 Bf6 48. h5 g5 49. Be2 Be5 50. h6 g4 51. h7 Ke7 52. Bd3 g3 53. Kf3 f4 54. Be4 Kd6 55. Kg4 Kc5 56. c7 Bxc7 57. h8Q Kxb5 58. Qc3 1-0

[Event "Tambov Korensky Memorial 21st"]
[Site "Tambov"]
[Date "2012.08.21"]
[Round "4"]
[White "Schirov, Sergey"]
[Black "Skomorokhov, Kirill"]
[Result "1-0"]
[WhiteElo "2029"]
[BlackElo "1792"]
[PlyCount "71"]
[EventDate "2012.08.18"]
[EventType "swiss"]
[EventRounds "9"]
[EventCountry "RUS"]
[SourceTitle "CBM 150 Extra"]
[Source "ChessBase"]
[SourceDate "2012.10.19"]
[SourceVersion "1"]
[SourceVersionDate "2012.10.19"]
[SourceQuality "1"]

1. e4 e5 2. f4 exf4 3. Nf3 d6 4. Bc4 Nc6 5. 0-0 g5 6. c3 Bg7 7. d4 h6 8. Bb5 a6 9. Ba4 b5 10. Bc2 Nge7 11. a4 Rb8 12. axb5 axb5 13. b4 Ng6 14. Bd3 0-0 15. Kh1 Nce7 16. Ra2 f5 17. Re2 fxe4 18. Bxe4 Bf5 19. Nbd2 d5 20. Bxf5 Nxf5 21. Nb3 g4 22. Ne5 Bxe5 23. dxe5 c6 24. Kg1 Qb6+ 25. Nc5 Nfh4 26. Ref2 f3 27. g3 Qc7 28. Qd4 h5 29. gxh4 Nxh4 30. Qe3 Rf5 31. Nd3 Ng6 32. Qh6 Nxe5 33. Bf4 Rbf8 34. Qe6+ R5f7 35. Bxe5 Qd8 36. Qg6+ 1-0

[Event "Tambov Korensky Memorial 21st"]
[Site "Tambov"]
[Date "2012.08.20"]
[Round "3"]
[White "Semenov, Rinat"]
[Black "Skomorokhov, Kirill"]
[Result "1-0"]
[WhiteElo "2266"]
[BlackElo "1792"]
[PlyCount "163"]
[EventDate "2012.08.18"]
[EventType "swiss"]
[EventRounds "9"]
[EventCountry "RUS"]
[SourceTitle "CBM 150 Extra"]
[Source "ChessBase"]
[SourceDate "2012.10.19"]
[SourceVersion "1"]
[SourceVersionDate "2012.10.19"]
[SourceQuality "1"]

1. d4 Nf6 2. c4 c5 3. e3 g6 4. Nc3 Bg7 5. Be2 0-0 6. Nf3 d5 7. 0-0 dxc4 8. Bxc4 Bg4 9. dxc5 Qc7 10. h3 Bxf3 11. Qxf3 Nbd7 12. Qe2 Nxc5 13. Rb1 a6 14. a3 Rfd8 15. Bd2 b5 16. Ba2 Rd7 17. e4 Rad8 18. Bg5 Qe5 19. Be3 Ncxe4 20. Nxe4 Qxe4 21. Qe1 e6 22. Qa5 Nd5 23. Bxd5 exd5 24. Qxa6 d4 25. Bg5 Qd5 26. Bxd8 Rxd8 27. a4 bxa4 28. Qxa4 d3 29. b4 Ra8 30. Qb3 Qb5 31. Rfd1 Rd8 32. Rd2 Bh6 33. Rdd1 d2 34. Qc3 Bg7 35. Qc5 Qe2 36. Qe3 Qb5 37. Rxd2 Re8 38. Qc5 Qb8 39. b5 Be5 40. b6 Rc8 41. Qd5 Kg7 42. Ra2 Rd8 43. Qe4 Bf4 44. b7 Re8 45. Qf3 Qc7 46. g3 Bd6 47. Ra8 Rb8 48. Rxb8 Qxb8 49. Kg2 Be5 50. Qc6 Qd8 51. Re1 f6 52. Rc1 Qd2 53. Rc2 Qd3 54. Ra2 h5 55. h4 Qb3 56. Qd7+ Kh6 57. Ra8 f5 58. Re8 Qb2 59. Qe7 Bd4 60. Qg5+ Kg7 61. Qe7+ Kh6 62. Rh8+ Bxh8 63. Qf8+ Bg7 64. b8Q Qd4 65. Qfb4 Qd5+ 66. Kh2 Kh7 67. Qc8 Qf3 68. Qf4 Qe2 69. Kg2 Qd3 70. Qa8 Qc3 71. Qfb8 Qd4 72. Qg8+ Kh6 73. Qf3 Be5 74. Qe3+ Qxe3 75. fxe3 Bc3 76. Kf3 Bb2 77. e4 fxe4+ 78. Kxe4 Ba1 79. Kd5 Bb2 80. Ke6 Bg7 81. Kf7 g5 82. Qxg7# 1-0

[Event "Tambov Korensky Memorial 20th"]
[Site "Tambov"]
[Date "2011.08.20"]
[Round "1"]
[White "Skomorokhov, Kirill"]
[Black "Petrov, Alexander V"]
[Result "0-1"]
[WhiteElo "1879"]
[BlackElo "2180"]
[PlyCount "144"]
[EventDate "2011.08.20"]
[EventType "swiss"]
[EventRounds "9"]
[EventCountry "RUS"]
[SourceTitle "CBM 144 Extra"]
[Source "ChessBase"]
[SourceDate "2011.10.28"]
[SourceVersion "1"]
[SourceVersionDate "2011.10.28"]
[SourceQuality "1"]

1. e4 e5 2. Bc4 Nf6 3. d3 Bc5 4. Nf3 Nc6 5. 0-0 h6 6. c3 d6 7. a4 a6 8. h3 0-0 9. b4 Bb6 10. Be3 d5 11. exd5 Nxd5 12. Bxb6 Nxb6 13. Na3 Nxc4 14. Nxc4 Qd5 15. Re1 Re8 16. Nfxe5 Nxe5 17. f4 Bxh3 18. Ne3 Qxd3 19. fxe5 Qxd1 20. Raxd1 Be6 21. Nd5 Bxd5 22. Rxd5 Rad8 23. Rd4 Kf8 24. Kf2 Ke7 25. Kf3 Rxd4 26. cxd4 Ke6 27. Ke4 c6 28. b5 f5+ 29. Kd3 axb5 30. axb5 c5 31. dxc5 Kd5 32. c6 bxc6 33. b6 Kc5 34. b7 Kb6 35. Rb1+ Kc7 36. Kd4 Rd8+ 37. Kc4 Kb8 38. Kc5 Rd5+ 39. Kb6 Rxe5 40. Ka6 Re7 41. Rf1 Rxb7 42. Rxf5 Re7 43. Kb6 Kc8 44. Kxc6 Re6+ 45. Kd5 Rg6 46. Rf2 Kd7 47. Ke5 Ke7 48. Ra2 Rf6 49. Ra7+ Kf8 50. g4 Kg8 51. Rb7 Kh7 52. Ra7 Kg6 53. Rb7 Rf7 54. Rb6+ Kg5 55. Rb4 Re7+ 56. Kd6 Re2 57. Rb7 g6 58. Rb4 Rg2 59. Ke5 Rxg4 60. Rb6 h5 61. Rb8 Kh4 62. Kf6 Kh3 63. Rb3+ Rg3 64. Rb2 h4 65. Ke5 g5 66. Ke4 Rg2 67. Rb3+ Kh2 68. Rb1 h3 69. Kf3 g4+ 70. Ke3 g3 71. Rb8 Rf2 72. Rg8 Kg2 0-1